British Brands Logo Quiz #1 - Statistics

General Stats
  • This quiz has been taken 179 times
  • The average score is 16 of 26
Answer Stats
Picture Answer % Correct
BBC
97%
Shell
97%
Jaguar
82%
Land Rover
79%
Lipton
79%
BP
78%
Smarties
77%
Cadbury
75%
Guinness
74%
Walkers
74%
Five
73%
Marks And Spencer
73%
Bentley
72%
Aero
67%
BBC one
63%
CBBC
63%
Galaxy
63%
BBC Four
60%
Unilever
55%
BBC Three
51%
Hoover
46%
Numberblocks
34%
Hit Entertainment
18%
Airbus UK
14%
BBC Jam
10%
Sunspel
5%
No matching quizzes found
Score Distribution
Percent of People with Each Score
Percentile by Number Answered
Your Score History
You have not taken this quiz